000
00323pam a2200145 a 4500
020
_c
041
_a
eng
082
_b
CHO
100
_a
Choudhari Amit.
245
_a
The Picador Book Of Modern Indian Literature
_h
Textual Documents
250
_a
2001.
260
_a
[s.l]:
_b
Picador
300
_a
638pg.
930
_a
11512
999
_c
88415
_d
88415